| 000 | 006410000a22001810004500 | ||
|---|---|---|---|
| 003 | MACL | ||
| 005 | 20160601111734.0 | ||
| 008 | 160601b xxu||||| |||| 00| 0 eng d | ||
| 040 |
_aMACL _cMACL |
||
| 041 | _aHindi | ||
| 082 | _a900 JAI | ||
| 100 |
_aजैन, फूलचंद _961127 |
||
| 245 |
_aक्रांतिकारी आंदोलन : सुप्रसिद्ध क्रांतिवीर _cफूलचंद जैन |
||
| 260 |
_bकन्सेप्ट पब्लिशिंग _c1999 _aनई दिल्ली |
||
| 350 | _a500 | ||
| 650 |
_aHistory _961128 |
||
| 942 |
_cHIN _k900 _2ddc |
||
| 999 |
_c19121 _d19121 |
||